000 01237nam a2200265Ia 4500
003 GCL
005 20240530110912.0
008 140319s2006 ua g 000 0 ara d
017 _a2006/11547
_bمصر. دار الكتب
020 _a9772273586
040 _aGCL /
_cGCL
082 0 4 _a327.117973/
_bح ت
245 0 0 _aتقرير لجنة 9/11 :
_bتقرير اللجنة القومية الامريكية عن الهجمات على الولايات المتحدة /
_cتحرير وتقديم حسن ابو طالب ؛ فريق الترجمة ليلى زيدان، الفت اغا، احمد سلطان
260 _aالقاهرة :
_bمركز الدراسات السياسية والاستراتيجية بالاهرام،
_c2006
300 _a637 ص ؛
_c32 سم.
650 0 7 _2qrmak
_aالجرائم الدولية
650 0 7 _2qrmak
_aاحداث 11 سبتمبر
650 0 7 _2qrmak
_aالارهاب
_zالولايات المتحدة الامريكية
700 0 _aحسن ابو طالب
_eمحرر ومقدم
700 0 _aليلى زيدان
_eمترجم
700 0 _aالفت اغا
_eمترجم
700 0 _aاحمد سلطان
_eمترجم
942 _2ddc
_cBK
999 _c66328
_d66328